| 000 | 00000nam##2200000za#4500 |
| 001 | 9.644189 |
| 003 | CaOODSP |
| 005 | 20210624224529 |
| 007 | cr ||||||||||| |
| 008 | 150407|1984||||xxc|||||o f|0| 0 fre|d |
| 040 | |aCaOODSP|bfre |
| 043 | |an-cn--- |
| 086 | 1 |aA53-1767/1984F-PDF |
| 110 | 1 |aCanada.|bAgriculture Canada. |bDirection générale des communications. |
| 245 | 13|aLa protection phytosanitaire des graminées à gazon dans les provinces des Prairies / |h[ressource électronique]|c[par] J.A. Traquair, J. Drew Smith. |
| 260 | |aOttawa - Ontario : |bAgriculture Canada. |c1984. |
| 300 | |a28p.|bill. en couleur, références |
| 500 | |aPublication historique numérisée par Agriculture et Agroalimentaire Canada. « La présente remplace la publication no 1247, intitulée « Maladies et ravageurs des graminées à gazon dans les provinces des Prairies », de J.B. Lebeau. |
| 590 | |a15-02-Supp|b2015-02-16 |
| 720 | 1 |aTraquair, James |
| 720 | 1 |aSmith, J. Drew |
| 775 | 08|tTurf grass problems in the Prairie Provinces / |w(CaOODSP)9.700292 |
| 856 | 40|ahttp://publications.gc.ca|qPDF|s2134 Ko|uhttps://publications.gc.ca/collections/collection_2015/aac-aafc/A53-1767-1984-fra.pdf |
| 986 | |aPublication 1767F |